000 00283nam a22001217a 4500
008 171031b xxu||||| |||| 00| 0 eng d
041 _aeng
080 _a33
100 _a59
101 _aBUS
245 _aCOMMUNICATION FOR BUSINESS AND THE PROFESSIONS
_cTREECE,M
942 _2udc
_cBK
999 _c36817
_d36817